Practical non-destructive testing (Record no. 5784)
[ view plain ]
| 000 -LEADER | |
|---|---|
| fixed length control field | 00441nam a2200181Ia 4500 |
| 008 - FIXED-LENGTH DATA ELEMENTS--GENERAL INFORMATION | |
| fixed length control field | 230711s9999||||xx |||||||||||||| ||und|| |
| 020 ## - INTERNATIONAL STANDARD BOOK NUMBER | |
| International Standard Book Number | 978-81-7319-797-0 |
| 041 ## - LANGUAGE CODE | |
| Language code of text/sound track or separate title | ENG |
| 082 ## - DEWEY DECIMAL CLASSIFICATION NUMBER | |
| Classification number | 620.11 |
| Item number | BA-P |
| 100 ## - MAIN ENTRY--PERSONAL NAME | |
| Personal name | Baldev Raj |
| 245 #0 - TITLE STATEMENT | |
| Title | Practical non-destructive testing |
| 250 ## - EDITION STATEMENT | |
| Edition statement | 3rd Ed. |
| 260 ## - PUBLICATION, DISTRIBUTION, ETC. | |
| Date of publication, distribution, etc. | 2016 |
| Place of publication, distribution, etc. | New Delhi |
| Name of publisher, distributor, etc. | Narosa Publishing House |
| 300 ## - PHYSICAL DESCRIPTION | |
| Extent | 211p. |
| 650 ## - SUBJECT ADDED ENTRY--TOPICAL TERM | |
| Topical term or geographic name entry element | Physics |
| 700 ## - ADDED ENTRY--PERSONAL NAME | |
| Personal name | Jayakumar, T |
| 942 ## - ADDED ENTRY ELEMENTS (KOHA) | |
| Koha item type | Book |
| Withdrawn status | Lost status | Damaged status | Not for loan | Collection | Home library | Current library | Date acquired | Cost, normal purchase price | Inventory number | Total checkouts | Full call number | Barcode | Date due | Date last seen | Date last checked out | Price effective from | Koha item type |
|---|---|---|---|---|---|---|---|---|---|---|---|---|---|---|---|---|---|
| MRSPTU Central Library | MRSPTU Central Library | 305.00 | 49642486 | 1 | 620.11 BA-P | 31215 | 09/26/2023 | 09/11/2023 | 09/11/2023 | 08/17/2023 | Book | ||||||
| MRSPTU Central Library | MRSPTU Central Library | 305.00 | 49642486 | 620.11 BA-P | 31216 | 08/17/2023 | 08/17/2023 | Book | |||||||||
| MRSPTU Central Library | MRSPTU Central Library | 620.1127 BA-P | 33655 | 08/17/2023 | 08/17/2023 | Book | |||||||||||
| MRSPTU Central Library | MRSPTU Central Library | 620.1127 BA-P | 33656 | 08/17/2023 | 08/17/2023 | Book | |||||||||||
| MRSPTU Central Library | MRSPTU Central Library | 620.1127 BA-P | 33657 | 08/17/2023 | 08/17/2023 | Book | |||||||||||
| MRSPTU Central Library | MRSPTU Central Library | 3 | 620.1127 BA-P | 33658 | 02/02/2024 | 10/25/2023 | 08/17/2023 | Book | |||||||||
| MRSPTU Central Library | MRSPTU Central Library | 1 | 620.1127 BA-P | 33659 | 07/29/2024 | 09/13/2023 | 08/17/2023 | Book | |||||||||
| MRSPTU Central Library | MRSPTU Central Library | 2 | 620.1127 BA-P | 33660 | 03/12/2024 | 11/06/2023 | 08/17/2023 | Book | |||||||||
| MRSPTU Central Library | MRSPTU Central Library | 1 | 620.1127 BA-P | 33661 | 02/05/2024 | 10/27/2023 | 08/17/2023 | Book | |||||||||
| MRSPTU Central Library | MRSPTU Central Library | 3 | 620.1127 BA-P | 33662 | 06/18/2024 | 04/29/2024 | 08/17/2023 | Book | |||||||||
| MRSPTU Central Library | MRSPTU Central Library | 1 | 620.1127 BA-P | 33663 | 03/20/2024 | 08/29/2023 | 08/17/2023 | Book | |||||||||
| MRSPTU Central Library | MRSPTU Central Library | 1 | 620.1127 BA-P | 33664 | 01/31/2024 | 12/20/2023 | 08/17/2023 | Book | |||||||||
| MRSPTU Central Library | MRSPTU Central Library | 1 | 620.1127 BA-P | 33665 | 02/19/2024 | 08/29/2023 | 08/17/2023 | Book | |||||||||
| MRSPTU Central Library | MRSPTU Central Library | 2 | 620.1127 BA-P | 33666 | 07/19/2024 | 04/30/2024 | 08/17/2023 | Book | |||||||||
| MRSPTU Central Library | MRSPTU Central Library | 620.1127 BA-P | 33667 | 08/17/2023 | 08/17/2023 | Book | |||||||||||
| MRSPTU Central Library | MRSPTU Central Library | 2 | 620.1127 BA-P | 33668 | 02/12/2024 | 11/02/2023 | 08/17/2023 | Book | |||||||||
| MRSPTU Central Library | MRSPTU Central Library | 620.1127 BA-P | 33669 | 08/17/2023 | 08/17/2023 | Book | |||||||||||
| MRSPTU Central Library | MRSPTU Central Library | 5 | 620.1127 BA-P | 34315 | 02/02/2024 | 12/20/2023 | 08/17/2023 | Book | |||||||||
| MRSPTU Central Library | MRSPTU Central Library | 620.1127 BA-P | 34316 | 08/17/2023 | 08/17/2023 | Book | |||||||||||
| MRSPTU Central Library | MRSPTU Central Library | 1 | 620.1127 BA-P | 34317 | 03/18/2024 | 10/27/2023 | 08/17/2023 | Book | |||||||||
| MRSPTU Central Library | MRSPTU Central Library | 4 | 620.1127 BA-P | 34318 | 02/02/2024 | 01/03/2024 | 08/17/2023 | Book | |||||||||
| MRSPTU Central Library | MRSPTU Central Library | 1 | 620.1127 BA-P | 34319 | 02/02/2024 | 09/08/2023 | 08/17/2023 | Book |
